La subjetividad del impuesto sobre la renta de las personas fs̕icas en las comunidades autn̤omas de rǧimen comn︢

Bibliographic Details
Main Author: Pallarš Rodrg̕uez, Rosario
Format: eBook
Language:Spanish
Published: Madrid: Dykinson, 2021
Subjects:
Online Access:Acceso restringido

MARC

LEADER 00000nam a22000007a 4500
005 20220913015550.0
007 cr|||| ||||
008 220913s2021 es |||||s|||| 00||0 spa d
020 |a 978-84-1122-108-5 
035 |a 36468 
040 |a vLex 
090 |c 13888  |d 13888 
100 1 |a Pallarš Rodrg̕uez, Rosario 
245 1 2 |a La subjetividad del impuesto sobre la renta de las personas fs̕icas en las comunidades autn̤omas de rǧimen comn︢  |h [Recurso electrn̤ico] /  |c Rosario Pallarš Rodrg̕uez 
256 |a Servicio en ln̕ea 
260 |a Madrid:  |b Dykinson,  |c 2021 
300 |a 1 recurso electrn̤ico 
500 |a La monografa̕ La subjetividad del Impuesto sobre la Renta de las Personas Fs̕icas en las Comunidades Autn̤omas de Rǧimen Comn︢ aborda el concreto ejercicio de las capacidades normativas por todas las Comunidades Autn̤omas de Rǧimen Comn︢ con respecto al Impuesto sobre la Renta de las Personas Fs̕icas en relacin̤ con el principio de subjetividad. Es decir, se analizan todas las medidas que afectan a las circunstancias personales y familiares del contribuyente, en el momento de la cuantificacin̤ del impuesto, por la residencia de esta persona fs̕ica en una u otra Comunidad Autn̤oma, y que han sido aprobadas por la Comunidad Autn̤oma de residencia del contribuyente. De este modo se estudia el mn̕imo personal y familiar, el nacimiento o la adopcin̤ de los hijos, la familia monoparental, la familia numerosa, la discapacidad (del contribuyente, cn̤yuge o pareja de hecho, hijos y ascendientes), la edad del contribuyente, la viudedad del contribuyente (situacin̤ que contempla las Comunidades Autn̤omas de Cataluą y de Extremadura), el acogimiento de menores y el acogimiento de mayores. Estos estudios se abordan desde una perspectiva crt̕ica y comparando, asimismo, las distintas Comunidades Autn̤omas que hayan recogido la medida analizada. Se proponen, igualmente, las mejoras que deben introducirse en cada una de las Comunidades Autn̤omas para que el Impuesto sobre la Renta de las Personas Fs̕icas responda con criterio de justicia tributaria, exigiendo al contribuyente residente en una Comunidad Autn̤oma que contribuya de acuerdo con su verdadera capacidad econm̤ica, teniendo en cuenta las concretas circunstancias personales y familiares que le rodean. Asimismo, partiendo de la estads̕tica publicada por la Agencia Estatal de la Administracin̤ Tributaria con respecto al Impuesto sobre la Renta de las Personas Fs̕icas en las que encontramos los datos desglosados por Comunidades Autn̤omas, se han elaborado numerosos cuadros en relacin̤ con cada uno de los temas tratados, individualmente para cada una de las Comunidades Autn̤omas, pero tambiň cuadros comparativos entre ellas, que dejan constancia de la especial trascendencia del tema abordado y de las importantes diferencias que encontramos entre las distintas Comunidades Autn̤omas. As,̕ esta monografa̕ es el comienzo de una nueva ln̕ea de investigacin̤ de la autora en este quehacer de avanzar hacia un sistema tributario ms̀ justo. 
506 1 |a Disponible solo en los productos indicados  |d vLex Global  |d vLex Global (Academic Edition, excluding Law Schools)  |d vLex Global (U.S. Academic Edition, Law Schools)  |d vLex Global (U.S. Academic Edition, excluding Law Schools)  |d vLex Global (Academic Edition, Law Schools) 
650 0 4 |a Derecho Tributario  |z Espaą 
650 0 4 |a Financiero  |z Espaą 
740 0 |a vLex Libros (Servicio en ln̕ea) 
856 4 0 |u https://app.vlex.com/#/sources/36468  |z Acceso restringido 
942 |c BOOK 
999 0 |a Tax Law 
999 0 |a Financial